| 000 | 01453nam a2200409 i 4500 | ||
|---|---|---|---|
| 001 | nkc20223447560 | ||
| 003 | CZ PrSKC | ||
| 005 | 20260417092206.0 | ||
| 007 | ta | ||
| 008 | 220916s2022 xr a a 000 j cze | ||
| 020 |
_a9788025252208 _cKč 299,00 |
||
| 040 |
_aABG001 _bcze _dBOA001 _dABA001 _erda |
||
| 041 | 1 |
_acze _heng |
|
| 072 | 7 |
_a821-93 _xLiteratura pro děti a mládež (beletrie) _2Konspekt |
|
| 080 |
_a821-32 _2MRF |
||
| 080 |
_a821-93 _2MRF |
||
| 080 |
_a(0:82-32) _2MRF |
||
| 100 | 1 |
_aBehling, Steve _4aut _920660 |
|
| 245 | 1 | 0 |
_aDobrodružství myšáka Mickeyho / _cz anglického originálu přeložila Lucie Jiránková |
| 250 | _a1. vydání | ||
| 264 | 1 |
_aV Praze : _bEgmont, _c2022 |
|
| 300 |
_a86 stran : _bbarevné ilustrace ; _c30 cm |
||
| 490 | 1 | _aDisney | |
| 505 | 0 | 0 |
_tOsamělí duchové / _rnapsal Steve Begling ; ilustrace John Bajet -- _tMickeyho karavan / _rnapsal Steve Begling ; ilustrace Stephanie Laberis |
| 520 | 2 | _aPříběhy oblíbeného myšího hrdiny z dílny W. Disneyho. | |
| 655 | 7 | _apříběhy | |
| 655 | 7 | _apublikace pro děti | |
| 655 | 9 | _astories | |
| 655 | 9 | _achildren's literature | |
| 700 | 1 |
_aBajet, John John _4ill _920661 |
|
| 700 | 1 |
_aLaberis, Steph _4ill _920662 |
|
| 700 | 1 |
_aJiránková, Lucie _4trl _915057 |
|
| 700 | 1 | 2 |
_aBehling, Steve. _tLonesome ghosts. _lČesky _920663 |
| 700 | 1 | 2 |
_aBehling, Steve. _tMickey's trailer. _lČesky _920664 |
| 910 | _aABG508 | ||
| 999 |
_c34184 _d34184 |
||